Catálogo

Vista normal Vista MARC

Entrada Corporate Name

Número de registros utilizados en: 1

001 - CONTROL NUMBER

  • control field: 13509

003 - CONTROL NUMBER IDENTIFIER

  • control field: DLC

005 - DATE AND TIME OF LATEST TRANSACTION

  • control field: 20221108144119.0

008 - FIXED-LENGTH DATA ELEMENTS

  • fixed length control field: 811113n| acannaabn |n ana

010 ## - LIBRARY OF CONGRESS CONTROL NUMBER

  • LC control number: n 81114516

035 ## - SYSTEM CONTROL NUMBER

  • System control number: (OCoLC)oca00659528

040 ## - CATALOGING SOURCE

  • Original cataloging agency: DLC
  • Language of cataloging: eng
  • Transcribing agency: DLC
  • Modifying agency: OCoLC

110 2# - HEADING--CORPORATE NAME

  • Corporate name or jurisdiction name as entry element: Academia Mexicana de la Historia,

670 ## - SOURCE DATA FOUND

  • Source citation: Its Anuario ...